| 000 | 00351nam a22001457a 4500 | ||
|---|---|---|---|
| 008 | 230606b ||||| |||| 00| 0 eng d | ||
| 020 | _a9781305116429 | ||
| 041 | _aeng | ||
| 080 |
_2NINTH EDITION _a159.9 |
||
| 082 | _a159.9SER | ||
| 100 | _a25 | ||
| 101 | _aPSI | ||
| 245 |
_aPHYSICS FOR SCIENTISTS AND ENGINEERS _cSERWAY.JEWETT |
||
| 942 |
_2udc _cBK |
||
| 999 |
_c59920 _d59920 |
||